000 00334nam a22001457a 4500
003 SGT
082 _a658
_bP98M
100 _aMARTIN,JAMES
245 _aPRINCIPLES OF DATA -BASE MANAGEMENT
250 _a10TH
260 _aNEW DELHI
_bPRENTICE HALL OF INDIA
_c2002
300 _a358
650 _aMASS COMMUNICATION
942 _2ddc
_cBK
999 _c12823
_d12823